000
00283nam a22001337a 4500
003
SGT
020
_a
978-19-2579-131-0
082
_a
910
_b
MAN
100
_a
MANFICLD, CHRISTINE
245
_a
TASTING INDIA
260
_a
LONDON
_b
SIMON
_c
2018
300
_a
399
942
_2
ddc
_c
BK
_0
3
999
_c
21214
_d
21214